000 00313nam a22001337a 4500
008 171018b xxu||||| |||| 00| 0 eng d
020 _a9780538844857
041 _aeng
080 _24TH
_a338
100 _a53
101 _aMEN
245 _aINTERNATIONAL DIMENSIONS OF MANAGEMENT
_cPHATAK,A.V
942 _2udc
_cBK
999 _c34788
_d34788